000
00251 a2200109 4500
001
63379
082
_a
891.4391 SAR
090
_c
37430
_d
37430
100
_a
Sarwat Sultana Sarwat
245
_a
Paanch Saat Paanch Haico
_h
Urdu
260
_a
Pakistan
942
_a
CAE NUST
_k
891.4391 SAR
999
_c
298452
_d
298452